000 00735nam a2200217 a 4500
001 22623
003 CO-ViMGA
008 141112s2004 ck r 000 u spa d
040 _aCO-ViMGA
_bspa
_cCO-ViMGA
082 0 4 _a618.2 W377e
100 1 _aWest, Zita
_932189
245 1 0 _aEmbarazo natural
260 _aBogotá :
_bNorma,
_c2002
300 _a160
505 _aPlanificación de la concepción y el embarazo 8 - 24 - - El primer trimestre desarrollo de la madre durante el embarazo 26 - 42
590 _aForma de adquisición : Compra - - Precio : 42.000 - - Proveedor : Dismet - - Fecha de adquisición : 2008
650 1 4 _aEMBARAZO
650 1 4 _aEMBARAZO CUIDADO E HIGIENE
_932190
650 1 4 _aPARTO
942 _2ddc
_cBK
999 _c30924
_d30924